A progress report

Kaydedildi:
Detaylı Bibliyografya
Yazar: Cox, Robert W.
Materyal Türü: Kitap
Dil:Undetermined
Baskı/Yayın Bilgisi: Gevena International Institute for Labour Studies 1968
Konular:
Etiketler: Etiketle
Etiket eklenmemiş, İlk siz ekleyin!
Thư viện lưu trữ: Trung tâm Học liệu Trường Đại học Cần Thơ
LEADER 00509nam a2200181Ia 4500
001 CTU_79263
008 210402s9999 xx 000 0 und d
082 |a 363.7 
082 |b C877 
100 |a Cox, Robert W. 
245 2 |a A progress report 
245 0 |c Robert W. Cox 
260 |a Gevena 
260 |b International Institute for Labour Studies 
260 |c 1968 
650 |a Agricultural pollution,Soil erosion,Water 
650 |x Pollution 
980 |a Trung tâm Học liệu Trường Đại học Cần Thơ